The socialist hero of the state theaters in Poland and Romania? A chapter in the history of yiddish theater, in memory of Abraham Goldfaden (1840-1908)

Titel: The socialist hero of the state theaters in Poland and Romania? A chapter in the history of yiddish theater, in memory of Abraham Goldfaden (1840-1908)
Verfasser:
In: Uniwersytet Jagielloński w Krakowie. Instytut Judaistyki: Scripta judaica cracoviensia, Band 7 (2009), Seite 77-92
alle Artikel anzeigen
Veröffentlicht: 2009
Format: Aufsatz
Sprache: Polnisch
Kein Bild verfügbar
X
alg: 39417242
001A    $01999:12-11-16 
001B    $01999:29-05-21 $t17:45:58.000 
001D    $01999:12-11-16 
001U    $0utf8 
001X    $00 
002@    $0Aox 
003@    $0394172426 
007A    $0394172426 $aHEB 
007T    $0Herdkk00027908 
010@    $apol 
011@    $a2009 
021A    $aThe socialist hero of the state theaters in Poland and Romania? A chapter in the history of yiddish theater, in memory of Abraham Goldfaden (1840-1908) 
028A    $aGrözinger $dElvira 
031A    $d7 $h77-92 $j2009 
039B    $aIn $8--Abvc--Uniwersytet Jagielloński w Krakowie$bInstytut Judaistyki [Tb1]. Scripta judaica cracoviensia. - Kraków : Wydawn Uniw. Jagiellónskiego, 2002-. - ISSN 1733-5760 $x200900000070000923 $9119947331 
045F    $a792.09438 $eDDC23BSB 
045F/01 $a792 
045F/03 $g438 
045T    $aJUDAICA $qDE-30 $2FID 
045T    $a7,7 

lok: 39417242 78

exp: 39417242 78 1 #EPN
201B/01 $018-11-16 $t10:49:40.000 
201U/01 $0utf8 
203@/01 $0790282933 
208@/01 $a12-11-16 $be 
209A/01 $a/ $f000 $x00 
220C/01 $aTitelaufnehmer: pbb 
220C/01 $aHerkunft: PBB/IH PAN 
220C/01 $aAnmerkung: *uA 
244Z/01 $2Trx $#Poola $#Lenkija $#Polija $#Polen Land $#Poland $#Lengyelország $#Poľsko $#Polsko $8--Trx--Polska$gkraj $x01 $9391345966 
244Z/01 $2Trx $#Rumänien $#Rumunia $#Rumunsko $8--Trx--România $x02 $9391160249 
244Z/01 $aGoldfaden Abraham $x03 
244Z/01 $2Trx $8--Trx--Zeitschriftenaufsatz $x04 $9391384341 
245Z/01 $a11.12 $x01 
247C/01 $82080>Marburg/Lahn, Herder-Institut, Forschungsbibliothek, Bibliographieportal $9336309341
LEADER 00000caa a22000002c 4500
001 394172426
003 DE-603
005 20210529174558.0
007 tu
008 161112s2009 xx |||| | u00||u|pol c
035 |a (DE-599)HEB394172426 
040 |a DE-603  |b ger  |c DE-603  |d DE-603 
041 |a pol 
082 0 4 |8 1\u  |a 792.09438  |q DE-101  |2 23/BSB 
084 |a JUDAICA  |q DE-30  |2 fid 
084 |a 7,7  |2 ssgn 
085 |8 1\u  |b 792 
085 |8 1\u  |z 2  |s 438 
100 1 |a Grözinger, Elvira 
245 0 0 |a The socialist hero of the state theaters in Poland and Romania? A chapter in the history of yiddish theater, in memory of Abraham Goldfaden (1840-1908) 
264 0 |c 2009 
773 0 8 |i In  |a Uniwersytet Jagielloński w Krakowie. Instytut Judaistyki  |t Scripta judaica cracoviensia  |d Kraków : Wydawn Uniw. Jagiellónskiego, 2002-  |x 1733-5760  |g Band 7 (2009), Seite 77-92  |w (DE-603)119947331  |w (DE-600)2141449-X 
924 0 |9 2080  |a (DE-603)790282933  |b DE-2080  |c HES  |d d  |g /